Petani yang jujur

Bibliographic Details
Format: Book
Published: Kuala Lumpur : Penerbitan Fargoes , [?]
Series:Cerita popular Cina
Subjects:

MARC

LEADER 00000cam a2200000 7i4500
001 0000000381
005 20151222.0
008 070702
020 |a 9831512960 
020 |a 9831514483(set) 
090 0 0 |a JF   |b MAL (742) 
245 1 0 |a Petani yang jujur 
260 |a Kuala Lumpur :   |b Penerbitan Fargoes ,   |c [?] 
440 |a Cerita popular Cina 
500 |a Children ages 7-9 years old (orange) 
650 0 |a Junior fiction   |x Malay   |x Languages 
999 |a 0000843212   |b Book   |c Children Collection   |e Cawangan Segamat 
999 |a 0000843213   |b Book   |c Children Collection   |e Cawangan Segamat 
999 |a 0000900086   |b Book   |c Children Collection   |e Cawangan Bandar Penawar 
999 |a 0000900089   |b Book   |c Children Collection   |e Cawangan Segamat 
999 |a 0000900090   |b Book   |c Children Collection   |e Cawangan Segamat 
999 |a 0000900091   |b Book   |c Children Collection   |e Cawangan Mersing 
999 |a 0000900092   |b Book   |c Children Collection   |e Cawangan Mersing 
999 |a 0000955630   |b Book   |c Children Collection   |e Perbadanan Perpustakaan Awam Johor 
999 |a 0000955631   |b Book   |c Children Collection   |e Perbadanan Perpustakaan Awam Johor 
999 |a 0000955632   |b Book   |c Children Collection   |e Perbadanan Perpustakaan Awam Johor 
999 |a 0000955633   |b Book   |c Children Collection   |e Perbadanan Perpustakaan Awam Johor